Statistiques concernant Mots de la langue française terminés par "bine"

Cliquez ici pour prendre le quiz!

Statistiques générales

  • Ce quiz a été pris 114 fois
    (100 depuis la dernière actualisation)
  • Le résultat moyen est 8 sur 13

Statistiques - réponses

IndiceMot% Correct
réacteurturbine
88%
astucecombine
86%
lèvrebabine
84%
bière de qualité inférieurebibine
80%
armecarabine
80%
compagneconcubine
78%
petit cylindrebobine
71%
prénom fémininSabine
69%
personnage féminin de la commedia dell'arteColombine
62%
petite chambrecabine
60%
(fam.) tête, visagetrombine
51%
Hbhémoglobine
19%
poissonloubine
0%

Distribution des résultats

Percentile par nombre de réponses

% des personnes avec chaque résultat

Votre développement - résultats

Vous n’avez pas pris ce quiz depuis la dernière actualisation